000 00694nam a2200289Ia 4500
008 180803s9999 xx 000 0 und d
020 _a9780439560634
050 _bL345 2002
100 _aLasky, Kathryn
245 0 _aPorkenstein /
245 0 _cby Kathryn Lasky ; illustrated by David Jarvis.
260 _aBroadway, New York :
260 _bScholastic,
260 _c2002
300 _aunpaged :
300 _bcolored ;
300 _c27cm.
500 _a560
650 _aHalloween --
650 _aInvestors --
650 _aPigs --
650 _xFiction.
650 _xFiction.
650 _xJuvenile Literature.
700 _aJarvis, David.
700 _aTitle.
999 _c358299
_d358299